000 01166nam a2200289 i 4500
001 000038185
003 DO-SdBNP
005 20250120115839.0
007 ta
008 110718m2008 dr l 001 0 spa d
040 _aDO-SdBNP
_bspa
_cBNPHU
_erda
082 4 _222
100 1 _aOrozco Solano, Víctor Eduardo,
_eautor
_984911
245 1 3 _aLa inconstitucionalidad por omisión /
_cVíctor Eduardo Orozco Solano, Silvia Patiño ; prólogo, Gilbert Armijo, Hermógenes Bienvenido Acosta de los Santos ; colaboración, Yajaira Antonio Ortíz
264 _aSanto Domingo :
_bComisionado de Apoyo a la Reforma y Modernización de la Justicia ;
_bCONAEJ,
_c2008.
300 _a203 páginas ;
_c23 cm.
336 _2rdacontent
_atexto
_btxt
337 _2rdamedia
_asin mediación
_bn
338 _2rdacarrier
_avolumen
_bnc
500 _aIIncluye referencias bibliográficas y notas al pie de las páginas
590 _aInventariado, 2024/BT
700 1 _aArmijo, Gilbert,
_eprólogo
_984915
700 1 _aAcosta de los Santos, Hermógenes
_eprólogo
_949375
700 1 _aOrtíz, Yajaira Antonio,
_ecolaboración
_984916
910 _aBtavárez
942 _2ddc
_cLBS1
999 _c37675
_d37675